[Event "Pardubice Czech op-E 33rd"]
[Site "Pardubice"]
[Date "2022.07.17"]
[Round "6.1"]
[White "Kacirek, Petr"]
[Black "Plat, Vojtech"]
[Result "0-1"]
[WhiteElo "2245"]
[BlackElo "2554"]
[PlyCount "67"]
[EventDate "2022.07.14"]
[EventType "team-swiss"]
[EventRounds "7"]
[EventCountry "CZE"]
[SourceTitle "CBM 209 Extra"]
[Source "ChessBase"]
[SourceDate "2022.09.30"]
[SourceVersion "1"]
[SourceVersionDate "2022.09.30"]
[SourceQuality "1"]
[WhiteTeam "Rychnov nad Kneznou Panda"]
[BlackTeam "Rad Svate Marie"]
[WhiteTeamCountry "CZE"]
[BlackTeamCountry "CZE"]

1. b3 e5 2. Bb2 d6 3. g3 Nf6 4. Bg2 Be7 5. d3 c6 6. Nd2 a5 7. a4 Be6 8. e3 Na6 9. Ne2 Nb4 10. h3 h5 11. d4 Qc7 12. Qb1 c5 13. c3 Nc6 14. c4 cxd4 15. exd4 Bd7 16. Nf3 g6 17. 0-0 Bf5 18. Qd1 0-0 19. Nh4 Bd7 20. f4 Nh7 21. d5 Nb4 22. Nc3 Rae8 23. f5 Bxh4 24. gxh4 Qd8 25. f6 Nxf6 26. Bc1 Nh7 27. Bh6 f5 28. Bxf8 Nxf8 29. Nb5 e4 30. Rc1 Bxb5 31. cxb5 Nd3 32. Rc3 Nd7 33. Qc2 N7c5 34. Qd1 0-1

[Event "CZE-chT1E 1920"]
[Site "Czech Republic"]
[Date "2020.02.16"]
[Round "8.6"]
[White "Sramek, Vojtech"]
[Black "Kacirek, Petr"]
[Result "1-0"]
[WhiteElo "2221"]
[BlackElo "2251"]
[PlyCount "65"]
[EventDate "2019.10.20"]
[EventType "team-tourn"]
[EventRounds "11"]
[EventCountry "CZE"]
[SourceTitle "CBM 195 Extra"]
[Source "ChessBase"]
[SourceDate "2020.05.31"]
[SourceVersion "1"]
[SourceVersionDate "2020.05.31"]
[SourceQuality "1"]
[WhiteTeam "Orlova Slavia"]
[BlackTeam "Rychnov nad Kneznou"]
[WhiteTeamCountry "CZE"]
[BlackTeamCountry "CZE"]

1. e4 e6 2. d4 d5 3. e5 c5 4. c3 Nc6 5. Nf3 Qb6 6. Be2 cxd4 7. cxd4 Nh6 8. Bd3 Bd7 9. Bc2 Nb4 10. Bxh6 gxh6 11. 0-0 Bb5 12. Re1 Be7 13. Nc3 Nxc2 14. Qxc2 Bc6 15. a3 a5 16. Ne2 Kd7 17. Nf4 Rag8 18. Rab1 Rg4 19. Nh5 Rg6 20. b4 axb4 21. axb4 Qb5 22. Qd2 Rhg8 23. g3 Rg4 24. Rec1 Ra8 25. Nf6+ Bxf6 26. exf6 Re4 27. Rc5 Re2 28. Qd1 Raa2 29. Rxb5 Bxb5 30. Ra1 Rab2 31. Ne5+ Kc7 32. Qc1+ Rec2 33. Qf4 1-0

[Event "CZE-chT2D 1314"]
[Site "Czech Republic"]
[Date "2014.02.02"]
[Round "7.3"]
[White "Siebenburger, Vlastimil"]
[Black "Kacirek, Petr"]
[Result "0-1"]
[WhiteElo "2133"]
[BlackElo "2278"]
[PlyCount "90"]
[EventDate "2013.11.03"]
[EventType "team-tourn"]
[EventRounds "11"]
[EventCountry "CZE"]
[SourceTitle "EXT 2016"]
[Source "ChessBase"]
[SourceDate "2015.10.08"]
[SourceVersion "1"]
[SourceVersionDate "2015.10.08"]
[SourceQuality "1"]
[WhiteTeam "Havlickuv Brod"]
[BlackTeam "Rychnov nad Kneznou"]
[WhiteTeamCountry "CZE"]
[BlackTeamCountry "CZE"]

1. d4 e6 2. c4 Nf6 3. Nc3 Bb4 4. e3 c5 5. Bd3 Bxc3+ 6. bxc3 d6 7. f4 e5 8. e4 Bg4 9. Nf3 Qa5 10. Bd2 Nbd7 11. 0-0 Qc7 12. Be3 0-0 13. h3 Bxf3 14. Qxf3 Ne8 15. Qg3 f6 16. Be2 Rf7 17. Bg4 Re7 18. Rad1 Nf8 19. fxe5 dxe5 20. dxe5 Ng6 21. Rd5 Rxe5 22. Rd7 Qc6 23. Rd5 b6 24. Bf5 Re7 25. Bxg6 hxg6 26. Qxg6 Nc7 27. Rf4 Nxd5 28. cxd5 Qe8 29. Qf5 Re5 30. Qg4 Qh5 31. Qxh5 Rxh5 32. Kf2 Re5 33. c4 Rae8 34. Kf3 R5e7 35. Bc1 Rb7 36. a4 a6 37. Be3 b5 38. cxb5 axb5 39. Bxc5 bxa4 40. Ke3 a3 41. Rf2 Rb2 42. Rf1 a2 43. Ra1 f5 44. Bd4 Rxe4+ 45. Kd3 Rb1 0-1

[Event "CZE-chT1W 1213"]
[Site "Czech Republic"]
[Date "2013.02.10"]
[Round "7.4"]
[White "Voloshin, Leonid"]
[Black "Kacirek, Petr"]
[Result "1-0"]
[WhiteElo "2426"]
[BlackElo "2294"]
[PlyCount "97"]
[EventDate "2012.10.28"]
[EventType "team-tourn"]
[EventRounds "11"]
[EventCountry "CZE"]
[SourceTitle "EXT 2014"]
[Source "ChessBase"]
[SourceDate "2013.11.20"]
[SourceVersion "1"]
[SourceVersionDate "2013.11.20"]
[SourceQuality "1"]
[WhiteTeam "Jicin"]
[BlackTeam "Hradec Kralove"]
[WhiteTeamCountry "CZE"]
[BlackTeamCountry "CZE"]

1. d4 Nf6 2. c4 e6 3. Nf3 b6 4. a3 Be7 5. Nc3 d6 6. e4 Bb7 7. Bd3 Nbd7 8. 0-0 e5 9. Re1 0-0 10. b4 c6 11. Bb2 Re8 12. d5 c5 13. Nd2 h6 14. Nb3 Nh7 15. bxc5 Nxc5 16. Nxc5 bxc5 17. Rb1 Bc8 18. Bc2 Rf8 19. Ba1 f5 20. exf5 Bxf5 21. Bxf5 Rxf5 22. Rb7 Bf8 23. Ne4 Qh4 24. Qe2 Ng5 25. f3 Nxe4 26. fxe4 Rf7 27. Rxf7 Kxf7 28. Rb1 Re8 29. Qf2+ Qxf2+ 30. Kxf2 Re7 31. Bc3 Rd7 32. Rb8 Be7 33. Bd2 Bd8 34. Ke2 Ke7 35. Rb3 Kf7 36. a4 Ke7 37. h4 Kf7 38. h5 Ke8 39. Rb8 Kf7 40. Kf3 g6 41. Kg4 Kg7 42. Rc8 Bf6 43. Rb8 Bd8 44. a5 g5 45. Kf5 Kf7 46. a6 Bb6 47. Rh8 Kg7 48. Ke6 Rf7 49. Rh7+ 1-0

[Event "CZE-chT2D 1213"]
[Site "Czech Republic"]
[Date "2013.02.03"]
[Round "8.4"]
[White "Nemec, Pavel"]
[Black "Kacirek, Petr"]
[Result "1/2-1/2"]
[WhiteElo "2211"]
[BlackElo "2294"]
[PlyCount "22"]
[EventDate "2012.10.14"]
[EventType "team-tourn"]
[EventRounds "11"]
[EventCountry "CZE"]
[SourceTitle "EXT 2016"]
[Source "ChessBase"]
[SourceDate "2015.10.08"]
[SourceVersion "1"]
[SourceVersionDate "2015.10.08"]
[SourceQuality "1"]
[WhiteTeam "Chrudim"]
[BlackTeam "Hradec Kralove II"]
[WhiteTeamCountry "CZE"]
[BlackTeamCountry "CZE"]

1. e4 e6 2. d4 d5 3. e5 c5 4. c3 Nc6 5. Nf3 Qb6 6. a3 c4 7. g3 Bd7 8. Bh3 h6 9. 0-0 Na5 10. Nbd2 Ne7 11. Rb1 g6 1/2-1/2

[Event "CZE-chT2D 1112"]
[Site "Czech Republic"]
[Date "2012.01.22"]
[Round "6.3"]
[White "Kacirek, Petr"]
[Black "Trhal, Tomas"]
[Result "1/2-1/2"]
[WhiteElo "2298"]
[BlackElo "2078"]
[PlyCount "86"]
[EventDate "2011.10.09"]
[EventType "team-tourn"]
[EventRounds "11"]
[EventCountry "CZE"]
[SourceTitle "EXT 2013"]
[Source "ChessBase"]
[SourceDate "2012.11.22"]
[SourceVersion "1"]
[SourceVersionDate "2012.11.22"]
[SourceQuality "1"]
[WhiteTeam "Hradec Kralove II"]
[BlackTeam "Vysoke Myto"]
[WhiteTeamCountry "CZE"]
[BlackTeamCountry "CZE"]

1. e4 c5 2. Ne2 d6 3. d4 cxd4 4. Nxd4 Nf6 5. Nc3 a6 6. g3 b5 7. Bg2 Bb7 8. a4 e5 9. Nf5 b4 10. Nd5 Nxd5 11. exd5 g6 12. Nh6 a5 13. h4 Bg7 14. g4 Nd7 15. Be3 Ba6 16. Bf1 Bxf1 17. Kxf1 Rc8 18. Qd3 Qc7 19. Kg2 Qc4 20. Kh3 Qxd3 21. cxd3 Nf6 22. Rhc1 Ke7 23. Bg5 Bxh6 24. Bxh6 Nxd5 25. Kg3 Kd7 26. d4 Rxc1 27. Rxc1 Rc8 28. Rxc8 Kxc8 29. dxe5 dxe5 30. Bg7 e4 31. Bd4 Kb7 32. f3 f5 33. gxf5 gxf5 34. fxe4 fxe4 35. Kg4 Kc6 36. Kf5 e3 37. Ke4 e2 38. Bf2 b3 39. Kd3 Nb6 40. Kc3 Nxa4+ 41. Kxb3 Kb5 42. Be1 h5 43. Kc2 Kb6 1/2-1/2

[Event "CZE-chT2C 1011"]
[Site "Czech Republic"]
[Date "2010.11.21"]
[Round "3.1"]
[White "Danes, Jaroslav"]
[Black "Kacirek, Petr"]
[Result "1-0"]
[WhiteElo "2285"]
[BlackElo "2335"]
[PlyCount "47"]
[EventDate "2010.10.17"]
[EventType "team-tourn"]
[EventRounds "11"]
[EventCountry "CZE"]
[SourceTitle "EXT 2012"]
[Source "ChessBase"]
[SourceDate "2011.11.24"]
[SourceVersion "1"]
[SourceVersionDate "2011.11.24"]
[SourceQuality "1"]
[WhiteTeam "Kutna Hora"]
[BlackTeam "Turnov Zikuda II"]
[WhiteTeamCountry "CZE"]
[BlackTeamCountry "CZE"]

1. e4 g6 2. d4 Bg7 3. Nc3 c6 4. Nf3 d5 5. h3 Nh6 6. e5 0-0 7. Bf4 f6 8. Bd3 Nf7 9. Qe2 fxe5 10. dxe5 e6 11. h4 Nd7 12. h5 g5 13. h6 Bxh6 14. Rxh6 Nxh6 15. Bxg5 Qb6 16. Bxh6 Qxb2 17. Kd2 Qxa1 18. Qe3 Qh1 19. Qg5+ Kf7 20. Bxh7 Ke8 21. Bg6+ Rf7 22. Bxf7+ Kxf7 23. Qg7+ Ke8 24. Bg5 1-0

[Event "CZE-chT2C 0910"]
[Site "Czech Republic"]
[Date "2009.10.18"]
[Round "1.1"]
[White "Moravec, Michal"]
[Black "Kacirek, Petr"]
[Result "1/2-1/2"]
[WhiteElo "2273"]
[BlackElo "2350"]
[PlyCount "118"]
[EventDate "2009.10.18"]
[EventType "team-tourn"]
[EventRounds "11"]
[EventCountry "CZE"]
[SourceTitle "EXT 2011"]
[Source "ChessBase"]
[SourceDate "2010.11.26"]
[SourceVersion "1"]
[SourceVersionDate "2010.11.26"]
[SourceQuality "1"]
[WhiteTeam "Kolin"]
[BlackTeam "Turnov Zikuda II"]
[WhiteTeamCountry "CZE"]
[BlackTeamCountry "CZE"]

1. c4 e5 2. Nc3 Nf6 3. g3 d5 4. cxd5 Nxd5 5. Bg2 Nb6 6. Nf3 Nc6 7. d3 Be7 8. 0-0 0-0 9. Be3 f5 10. Qd2 Bf6 11. Ne1 Nd4 12. f4 c6 13. Nf3 exf4 14. Bxf4 Nxf3+ 15. Bxf3 Be6 16. Rad1 Nd5 17. Nxd5 Bxd5 18. b3 Re8 19. Qc2 Bd4+ 20. Kh1 Bxf3+ 21. Rxf3 Qd5 22. Re1 Re6 23. Qc4 Rae8 24. Qxd5 cxd5 25. e3 Bb6 26. Rd1 h6 27. d4 Rc6 28. Kg2 Rc2+ 29. Rf2 Rec8 30. Rdd2 Rxd2 31. Rxd2 Ba5 32. Rf2 Be1 33. Re2 Bb4 34. Rf2 Be1 35. Re2 Ba5 36. Rf2 Kh7 37. Bd6 Kg6 38. b4 Bd8 39. h4 h5 40. Bc5 b6 41. Bd6 Rc6 42. Bf4 Rc4 43. Rb2 b5 44. Bd6 Kf7 45. Kf3 Ke6 46. Bc5 a6 47. Rb3 g5 48. hxg5 Bxg5 49. Ra3 Kf7 50. Rxa6 Rc3 51. Ra7+ Kg6 52. Ra6+ Kf7 53. Ra7+ Kg6 54. Ra6+ Kf7 55. Ra5 Bxe3 56. Rxb5 Bg5+ 57. Kg2 Rc2+ 58. Kf3 Rc3+ 59. Kg2 Rc2+ 1/2-1/2

[Event "CZE-chT 0809"]
[Site "Czech Republic"]
[Date "2009.03.22"]
[Round "11.6"]
[White "Kukel, Imre"]
[Black "Kacirek, Petr"]
[Result "1-0"]
[WhiteElo "2305"]
[BlackElo "2371"]
[PlyCount "83"]
[EventDate "2008.11.08"]
[EventType "team-tourn"]
[EventRounds "11"]
[EventCountry "CZE"]
[SourceTitle "EXT 2010"]
[Source "ChessBase"]
[SourceDate "2010.11.25"]
[SourceVersion "1"]
[SourceVersionDate "2010.11.25"]
[SourceQuality "1"]
[WhiteTeam "Bohemians"]
[BlackTeam "Turnov Zikuda"]
[WhiteTeamCountry "CZE"]
[BlackTeamCountry "CZE"]

1. e4 e6 2. d4 d5 3. Nc3 Bb4 4. e5 c5 5. a3 Bxc3+ 6. bxc3 Qc7 7. Qg4 f5 8. Qg3 cxd4 9. cxd4 Ne7 10. Bd2 0-0 11. Bd3 b6 12. Ne2 Ba6 13. Nf4 Qd7 14. Bb4 Rf7 15. Bxe7 Rxe7 16. 0-0 Bxd3 17. Qxd3 Nc6 18. Rad1 Na5 19. Qe2 Rc8 20. Rd3 Qe8 21. g4 Qf7 22. Rg3 Rf8 23. g5 Qe8 24. g6 h6 25. Rh3 Rc7 26. c3 Qe7 27. Kh1 Rfc8 28. Qe1 Rc6 29. Rg1 Nb3 30. Nh5 R8c7 31. Qe3 Qf8 32. Rgg3 Na5 33. Qf4 Nc4 34. Nxg7 Qxg7 35. Rxh6 Nxe5 36. dxe5 Rc4 37. Qg5 Qe7 38. Qh5 Qg7 39. Rh3 Qxe5 40. Rh8+ Kg7 41. Qh7+ Kf6 42. Rf8+ 1-0

[Event "CZE-chT1E 0809"]
[Site "Czech Republic"]
[Date "2009.03.15"]
[Round "10.2"]
[White "Kacirek, Petr"]
[Black "Vesselovsky, Serguei"]
[Result "1/2-1/2"]
[WhiteElo "2371"]
[BlackElo "2401"]
[PlyCount "44"]
[EventDate "2008.11.08"]
[EventType "team-tourn"]
[EventRounds "11"]
[EventCountry "CZE"]
[SourceTitle "EXT 2010"]
[Source "ChessBase"]
[SourceDate "2010.11.25"]
[SourceVersion "1"]
[SourceVersionDate "2010.11.25"]
[SourceQuality "1"]
[WhiteTeam "Rychnov nad Kneznou"]
[BlackTeam "Karvina"]
[WhiteTeamCountry "CZE"]
[BlackTeamCountry "CZE"]

1. d4 Nf6 2. Nf3 g6 3. c3 Bg7 4. Bf4 d6 5. h3 0-0 6. Nbd2 Nbd7 7. e4 e5 8. Bg5 h6 9. Be3 Re8 10. dxe5 Nxe5 11. Nxe5 Rxe5 12. Bd3 Re8 13. 0-0 d5 14. Qf3 Be6 15. Rfe1 c6 16. Bf4 dxe4 17. Nxe4 Bd5 18. Nxf6+ Qxf6 19. Rxe8+ Rxe8 20. Qg3 Qe6 21. a3 Qd7 22. Rd1 Qe6 1/2-1/2

[Event "CZE-chT1E 0809"]
[Site "Czech Republic"]
[Date "2009.02.01"]
[Round "7.2"]
[White "Bernasek, Jan"]
[Black "Kacirek, Petr"]
[Result "1-0"]
[WhiteElo "2444"]
[BlackElo "2371"]
[PlyCount "73"]
[EventDate "2008.11.08"]
[EventType "team-tourn"]
[EventRounds "11"]
[EventCountry "CZE"]
[SourceTitle "EXT 2010"]
[Source "ChessBase"]
[SourceDate "2010.11.25"]
[SourceVersion "1"]
[SourceVersionDate "2010.11.25"]
[SourceQuality "1"]
[WhiteTeam "Zakrany"]
[BlackTeam "Rychnov nad Kneznou"]
[WhiteTeamCountry "CZE"]
[BlackTeamCountry "CZE"]

1. d4 Nf6 2. c4 e6 3. g3 Bb4+ 4. Bd2 Qe7 5. Bg2 0-0 6. Nc3 d5 7. a3 Bxc3 8. Bxc3 a5 9. Nf3 Nbd7 10. 0-0 Ne4 11. Nd2 Nxc3 12. bxc3 c6 13. Qb1 f5 14. e3 Rb8 15. cxd5 cxd5 16. c4 dxc4 17. Nxc4 b6 18. Qb5 g5 19. Rfc1 f4 20. Ne5 Nxe5 21. Qxe5 Ba6 22. exf4 gxf4 23. Bh3 Qg7 24. Bxe6+ Kh8 25. Qxg7+ Kxg7 26. Rc7+ Kf6 27. d5 h5 28. gxf4 Be2 29. f3 Bxf3 30. Kf2 Be4 31. Re1 Bg6 32. Bh3 Rfe8 33. Rec1 Bf7 34. R1c6+ Kg7 35. Be6 Rf8 36. Rd6 Kg8 37. Rdd7 1-0

[Event "CZE-chT 0809"]
[Site "Czech Republic"]
[Date "2008.11.09"]
[Round "2.7"]
[White "Kacirek, Petr"]
[Black "Kuba, Jindrich"]
[Result "1-0"]
[WhiteElo "2371"]
[BlackElo "2247"]
[PlyCount "99"]
[EventDate "2008.11.08"]
[EventType "team-tourn"]
[EventRounds "11"]
[EventCountry "CZE"]
[SourceTitle "CBM 127 Extra"]
[Source "ChessBase"]
[SourceDate "2009.01.08"]
[SourceVersion "2"]
[SourceVersionDate "2009.01.28"]
[SourceQuality "1"]
[WhiteTeam "Turnov Zikuda"]
[BlackTeam "Litomerice"]
[WhiteTeamCountry "CZE"]
[BlackTeamCountry "CZE"]

1. d4 Nf6 2. Nf3 g6 3. g3 Bg7 4. Bg2 d6 5. b3 c5 6. Bb2 cxd4 7. Nxd4 0-0 8. 0-0 Nbd7 9. c4 a6 10. Nc3 Nc5 11. Rc1 Qb6 12. Ba1 Bd7 13. e4 Rac8 14. Nd5 Nxd5 15. exd5 e5 16. dxe6 fxe6 17. Qd2 e5 18. Nc2 Bc6 19. Bd5+ Kh8 20. Rcd1 Rf6 21. Qe3 a5 22. Bxc6 bxc6 23. f4 Nd7 24. Qxb6 Nxb6 25. fxe5 Rxf1+ 26. Kxf1 Bxe5 27. Rxd6 Bxa1 28. Nxa1 a4 29. Nc2 axb3 30. axb3 Rb8 31. Rxc6 Nd7 32. b4 Ne5 33. Rc7 Rd8 34. Ke2 Re8 35. Kd2 Rd8+ 36. Kc3 Rd3+ 37. Kb2 Rf3 38. b5 Nd3+ 39. Kc3 Nc5+ 40. Kb4 Nd3+ 41. Ka5 Rf5 42. Ne3 Rf2 43. Ng4 Rf8 44. Ka6 h5 45. b6 Rf1 46. Ne3 Ra1+ 47. Kb7 Nb4 48. Nd5 Na6 49. Nf6 Nxc7 50. bxc7 1-0

[Event "CZE-chT 0708"]
[Site "Czech Republic"]
[Date "2008.02.03"]
[Round "7.6"]
[White "Kukel, Imre1111"]
[Black "Kacirek, Petr"]
[Result "1/2-1/2"]
[WhiteElo "2316"]
[BlackElo "2384"]
[PlyCount "52"]
[EventDate "2007.11.17"]
[EventType "team-tourn"]
[EventRounds "11"]
[EventCountry "CZE"]
[SourceTitle "EXT 2009"]
[Source "ChessBase"]
[SourceDate "2008.11.26"]
[SourceVersion "1"]
[SourceVersionDate "2008.11.26"]
[SourceQuality "1"]
[WhiteTeam "Bohemians"]
[BlackTeam "Turnov Zikuda"]
[WhiteTeamCountry "CZE"]
[BlackTeamCountry "CZE"]

1. e4 e6 2. d4 d5 3. Nc3 Bb4 4. e5 c5 5. a3 Bxc3+ 6. bxc3 Qc7 7. Qg4 f5 8. Qg3 cxd4 9. cxd4 Ne7 10. Bd2 0-0 11. Bd3 b6 12. Ne2 Ba6 13. Nf4 Qd7 14. Bb4 Rf7 15. Bxe7 Rxe7 16. 0-0 Bxd3 17. Qxd3 Qc6 18. a4 Nd7 19. a5 Rc8 20. Qa3 Kf7 21. axb6 Nxb6 22. Qh3 Kg8 23. Rfc1 Qc3 24. Qh4 Rcc7 25. Nd3 Re8 26. Qf4 a5 1/2-1/2

[Event "Pardubice Czech op2"]
[Site "Pardubice"]
[Date "2007.07.15"]
[Round "7"]
[White "Kacirek, Petr"]
[Black "Korobov, Anton"]
[Result "1/2-1/2"]
[WhiteElo "2388"]
[BlackElo "2530"]
[PlyCount "28"]
[EventDate "2007.07.12"]
[EventType "swiss"]
[EventRounds "7"]
[EventCountry "CZE"]
[SourceTitle "EXT 2008"]
[Source "ChessBase"]
[SourceDate "2007.11.25"]
[SourceVersion "1"]
[SourceVersionDate "2007.11.25"]
[SourceQuality "1"]

1. d4 Nf6 2. Nf3 g6 3. c3 Bg7 4. Bg5 0-0 5. Nbd2 d5 6. e3 Nbd7 7. h3 Re8 8. Bf4 b6 9. Ne5 Bb7 10. Bb5 a6 11. Be2 Nxe5 12. Bxe5 Nd7 13. Bxg7 Kxg7 14. f4 Nf6 1/2-1/2

[Event "Pardubice Czech op2"]
[Site "Pardubice"]
[Date "2007.07.14"]
[Round "5"]
[White "Kacirek, Petr"]
[Black "Juptner, Jan"]
[Result "1/2-1/2"]
[WhiteElo "2388"]
[BlackElo "2364"]
[PlyCount "50"]
[EventDate "2007.07.12"]
[EventType "swiss"]
[EventRounds "7"]
[EventCountry "CZE"]
[SourceTitle "EXT 2008"]
[Source "ChessBase"]
[SourceDate "2007.11.25"]
[SourceVersion "1"]
[SourceVersionDate "2007.11.25"]
[SourceQuality "1"]

1. b3 e5 2. Bb2 Nc6 3. e3 Nf6 4. d3 d5 5. Nf3 Bd6 6. Be2 0-0 7. Nbd2 Re8 8. a3 e4 9. dxe4 dxe4 10. Nd4 Nxd4 11. Bxd4 Be5 12. Nc4 Bxd4 13. Qxd4 Qe7 14. 0-0 a5 15. a4 b6 16. Rad1 Ba6 17. Qa1 Nd7 18. Rd4 Nc5 19. Rfd1 Bb7 20. Bf1 Bc6 21. Qa3 Qg5 22. Qb2 h5 23. Qc3 Re6 24. Qd2 Ree8 25. Qc3 Re6 1/2-1/2